[Event "7eme open international de La Fere"]
[Site "La Fere (FRA)"]
[Date "2008.07.11"]
[Round "8.37"]
[White "Demeestere, Laurent"]
[Black "Dumas, Victor"]
[Result "1-0"]
[WhiteElo "1941"]
[BlackElo "1756"]
[PlyCount "92"]
[EventDate "2008.??.??"]

1. e4 e5 2. Nf3 Nc6 3. d4 exd4 4. Nxd4 Bc5 5. Nxc6 Qf6 6. Qd2 Qxc6 7. Nc3 Nf6
8. Bd3 O-O 9. O-O Re8 10. Qg5 Bb4 11. Nd5 Nxd5 12. exd5 Qb6 13. Be3 Bc5 14.
Bxc5 Qxc5 15. Rfe1 Qf8 16. Kf1 d6 17. Rxe8 Qxe8 18. Re1 Qf8 19. Qe7 Qxe7 20.
Rxe7 Kf8 21. Rxc7 a6 22. h4 h6 23. a4 Ke8 24. a5 Rb8 25. Ke2 Bd7 26. Rc3 Kd8
27. Rb3 Kc7 28. Rc3+ Kd8 29. Ke3 Rc8 30. Rb3 Kc7 31. Rc3+ Kd8 32. Rxc8+ Kxc8
33. Kf4 Kd8 34. b3 Ke7 35. Bf5 Bb5 36. c4 Be8 37. Bc8 Kd8 38. Bxb7 Kc7 39. Bxa6
f6 40. b4 Bg6 41. Ke3 Bf5 42. Bb5 g5 43. g3 Bc2 44. c5 Bb3 45. Kd4 Bd1 46. a6
Be2 1-0

[Event "7eme open international de La Fere"]
[Site "La Fere (FRA)"]
[Date "2008.07.11"]
[Round "8.38"]
[White "Boudier, Eric"]
[Black "Regniez, Jeremy"]
[Result "1-0"]
[WhiteElo "1898"]
[BlackElo "1750"]
[PlyCount "73"]
[EventDate "2008.??.??"]

1. Nc3 d5 2. e4 d4 3. Nce2 c5 4. Ng3 Nf6 5. Bc4 Bd7 6. d3 Qc7 7. a4 g6 8. f4
Bg7 9. Nf3 Bg4 10. O-O O-O 11. h3 Bxf3 12. Qxf3 Nc6 13. e5 Nd7 14. Qg4 e6 15.
h4 h5 16. Qh3 Nb6 17. Ba2 Nxa4 18. Ne4 Qe7 19. Qg3 Nb6 20. Bd2 Rad8 21. Rf2 Nd7
22. Qh3 Ndxe5 23. fxe5 Nxe5 24. Ng5 Kh8 25. Raf1 Rd7 26. Ne4 Ng4 27. Rf3 e5 28.
Rg3 f5 29. Rxg4 fxg4 30. Rxf8+ Qxf8 31. Qg3 Rf7 32. Bxf7 Qxf7 33. Ng5 Qa2 34.
Qf2 Qb1+ 35. Kh2 Qxc2 36. Qf7 g3+ 37. Kh3 1-0

[Event "7eme open international de La Fere"]
[Site "La Fere (FRA)"]
[Date "2008.07.11"]
[Round "8.39"]
[White "Delboe, Charles"]
[Black "Pierret, Paul"]
[Result "1-0"]
[WhiteElo "1884"]
[BlackElo "1591"]
[PlyCount "117"]
[EventDate "2008.??.??"]

1. e4 e5 2. Nf3 d6 3. d4 exd4 4. Nxd4 a6 5. Nc3 Be7 6. Bc4 Nf6 7. O-O O-O 8.
Re1 Bd7 9. Qf3 c5 10. Nf5 Bxf5 11. exf5 Nc6 12. Bf4 Qd7 13. Bg5 Nd4 14. Qg3 Bd8
15. Bxf6 Bxf6 16. Nd5 Qxf5 17. Nb6 Rad8 18. c3 Nc2 19. Bd3 Qg5 20. Qxg5 Bxg5
21. Bxc2 Bd2 22. Re2 Bg5 23. Rae1 g6 24. g3 Kg7 25. f4 Bf6 26. Nd5 a5 27. Nxf6
Kxf6 28. Ba4 Rb8 29. Re8 Kg7 30. Rxb8 Rxb8 31. Re8 Rxe8 32. Bxe8 Kf8 33. Bd7
Ke7 34. Bc8 b5 35. a3 b4 36. cxb4 cxb4 37. Kf2 h6 38. Ke3 d5 39. axb4 axb4 40.
Kd4 Kd6 41. Bb7 f6 42. Bxd5 g5 43. fxg5 fxg5 44. Bf3 Ke6 45. Kc4 Kf5 46. Kxb4
g4 47. Bg2 h5 48. Kc5 Kg5 49. b4 h4 50. b5 hxg3 51. hxg3 Kf5 52. b6 Ke6 53. b7
Kf6 54. b8=Q Kf5 55. Kd6 Kf6 56. Qf8+ Kg6 57. Be4+ Kg5 58. Qf5+ Kh6 59. Qg6#
1-0

[Event "7eme open international de La Fere"]
[Site "La Fere (FRA)"]
[Date "2008.07.11"]
[Round "8.40"]
[White "Poulain, Andre"]
[Black "Rouffignac, Tanguy"]
[Result "1-0"]
[WhiteElo "1835"]
[BlackElo "1640"]
[PlyCount "105"]
[EventDate "2008.??.??"]

1. e4 e5 2. Nf3 Nc6 3. d4 exd4 4. Nxd4 Bc5 5. Nxc6 bxc6 6. Bd3 d5 7. Nc3 Nf6 8.
O-O O-O 9. Bg5 Be6 10. e5 h6 11. exf6 hxg5 12. fxg7 Kxg7 13. Qe2 Rh8 14. Qe5+
Kg8 15. g3 Bd6 16. Qe2 Qf6 17. Qd2 Kg7 18. Nd1 Be7 19. Qc3 c5 20. Qxf6+ Bxf6
21. c3 Rab8 22. f4 gxf4 23. Rxf4 Be5 24. Rf2 d4 25. c4 f6 26. b3 Bf7 27. Nb2 a5
28. Na4 Bd6 29. Raf1 Be7 30. Rf4 Be8 31. Rg4+ Kf8 32. Nb2 Rb6 33. Re1 Bd6 34.
Bf5 Rh5 35. Rxe8+ Kxe8 36. Bg6+ Kf8 37. Bxh5 Be5 38. Bg6 Ke7 39. Bf5 Rb8 40.
Na4 Kd6 41. Rg7 Kc6 42. Kg2 Rd8 43. Be4+ Kd6 44. Bd3 Re8 45. Kf3 Kc6 46. h4 Bd6
47. Be4+ Rxe4 48. Kxe4 f5+ 49. Kxf5 d3 50. Nb2 d2 51. h5 Bf8 52. Rg6+ Kb7 53.
h6 1-0

[Event "7eme open international de La Fere"]
[Site "La Fere (FRA)"]
[Date "2008.07.11"]
[Round "8.43"]
[White "Casier, Fabrice"]
[Black "Calonne, Pascal"]
[Result "1-0"]
[WhiteElo "1831"]
[BlackElo "1660"]
[PlyCount "55"]
[EventDate "2008.??.??"]

1. c4 d5 2. cxd5 Qxd5 3. Nc3 Qd8 4. Nf3 c5 5. g3 e6 6. Bg2 Nc6 7. d3 Nf6 8. O-O
a6 9. Ng5 h6 10. Nge4 Nxe4 11. Nxe4 Be7 12. Be3 Nd4 13. Rc1 Qb6 14. Bxd4 cxd4
15. Qc2 O-O 16. Qc7 Qxc7 17. Rxc7 Bd8 18. Rc4 e5 19. Nd6 Be6 20. Rc2 Rb8 21.
Nxb7 Bxa2 22. Nc5 Bb3 23. Rcc1 Re8 24. Nxa6 Rb6 25. Nc5 f6 26. Nxb3 Rxb3 27.
Bd5+ Kh7 28. Bxb3 1-0

[Event "7eme open international de La Fere"]
[Site "La Fere (FRA)"]
[Date "2008.07.11"]
[Round "8.44"]
[White "Dagnicourt, Francis"]
[Black "Gonzalez Garcia, Pierre-Emmanuel"]
[Result "0-1"]
[WhiteElo "1808"]
[BlackElo "1643"]
[PlyCount "88"]
[EventDate "2008.??.??"]

1. d4 Nf6 2. Nc3 g6 3. e4 d6 4. f4 Bg7 5. Nf3 Nbd7 6. Bc4 e5 7. fxe5 dxe5 8.
Bg5 exd4 9. Qxd4 h6 10. Be3 Qe7 11. O-O O-O 12. Qd2 Ng4 13. Bd4 Bxd4+ 14. Qxd4
Qc5 15. Qxc5 Nxc5 16. Nd5 Be6 17. Rfe1 c6 18. Ne7+ Kg7 19. Bxe6 Nxe6 20. Rad1
Rad8 21. Rxd8 Rxd8 22. e5 h5 23. h3 Nh6 24. Re2 Re8 25. Nxg6 fxg6 26. c3 Nf7
27. Nd4 c5 28. Nb5 a6 29. Nd6 Nxd6 30. exd6 Kf6 31. Rf2+ Ke5 32. d7 Rd8 33. Rf7
Kd6 34. Rf6 g5 35. h4 Rxd7 36. hxg5 Rg7 37. g6 Ke5 38. Rf7 Rxf7 39. gxf7 Kf6
40. Kf2 Kxf7 41. Ke3 Kf6 42. Ke4 h4 43. a4 Kg5 44. Kf3 c4 0-1

[Event "7eme open international de La Fere"]
[Site "La Fere (FRA)"]
[Date "2008.07.11"]
[Round "8.45"]
[White "Belloc, Sidonie"]
[Black "Lepere, Corentin"]
[Result "1/2-1/2"]
[WhiteElo "1804"]
[BlackElo "1640"]
[PlyCount "59"]
[EventDate "2008.??.??"]

1. e4 c5 2. Nf3 e6 3. d4 cxd4 4. Nxd4 a6 5. Nc3 Qc7 6. Be2 b5 7. O-O Bb7 8. a3
Nc6 9. Be3 h6 10. f4 Bc5 11. Kh1 Qb6 12. Nxc6 Bxe3 13. Ne5 d6 14. Nd3 d5 15.
exd5 exd5 16. Bf3 Nf6 17. Nb4 Rd8 18. Qe1 O-O 19. Rd1 d4 20. Bxb7 Qxb7 21. Ne2
Qb6 22. Ng3 Rfe8 23. Ne2 Qd6 24. c3 Qb6 25. Qh4 a5 26. Nd3 dxc3 27. Nxc3 b4 28.
axb4 axb4 29. Ne2 Qb5 30. Nec1 1/2-1/2

[Event "7eme open international de La Fere"]
[Site "La Fere (FRA)"]
[Date "2008.07.11"]
[Round "8.46"]
[White "Coquelle, Gilbert"]
[Black "Delahaye, Marc"]
[Result "1/2-1/2"]
[WhiteElo "1780"]
[BlackElo "1610"]
[PlyCount "58"]
[EventDate "2008.??.??"]

1. d4 Nf6 2. c4 g6 3. Nf3 Bg7 4. h3 O-O 5. Bf4 d6 6. e3 c5 7. Bd3 Nc6 8. O-O
Qb6 9. Qb3 Qa5 10. Nc3 Nb4 11. Rfd1 Nxd3 12. Rxd3 Bf5 13. Rdd1 a6 14. dxc5 Qxc5
15. Nd5 Nxd5 16. cxd5 Bc2 17. Qxb7 Bxd1 18. Rxd1 Ra7 19. Qb3 Raa8 20. Qb7 Qc2
21. Rd2 Qc1+ 22. Kh2 Rab8 23. Qxe7 Rxb2 24. Rxb2 Qxb2 25. Qxd6 Qxa2 26. Qc6 Rd8
27. d6 Qa5 28. d7 Qb5 29. Qc8 Qxd7 1/2-1/2

[Event "7eme open international de La Fere"]
[Site "La Fere (FRA)"]
[Date "2008.07.11"]
[Round "8.47"]
[White "Vereggen, Lars"]
[Black "Christophe, Lucie"]
[Result "1/2-1/2"]
[WhiteElo "1616"]
[BlackElo "1760"]
[PlyCount "91"]
[EventDate "2008.??.??"]

1. e4 d5 2. exd5 Qxd5 3. Nc3 Qa5 4. d4 c6 5. Nf3 Bg4 6. Be2 Nf6 7. Bd2 Qc7 8.
Be3 e6 9. a3 Bd6 10. h3 Bh5 11. Qd2 Nbd7 12. Rg1 O-O-O 13. b4 Rhe8 14. b5 c5
15. d5 exd5 16. Nxd5 Nxd5 17. Qxd5 Nf6 18. Qb3 Bf4 19. g4 Bg6 20. Nd2 Bxe3 21.
fxe3 Qe5 22. O-O-O Qxe3 23. Qxe3 Rxe3 24. Bc4 Rxh3 25. Bb3 Re3 26. Nc4 Re7 27.
b6 axb6 28. Nxb6+ Kc7 29. Na4 Rxd1+ 30. Kxd1 b6 31. Nc3 Be4 32. Kc1 Bc6 33. g5
Ne8 34. Rg3 f6 35. Bd5 f5 36. g6 hxg6 37. Rxg6 Nf6 38. Bxc6 Kxc6 39. Rg5 Ne4
40. Rg6+ Nd6 41. a4 Kd7 42. Nd5 Rf7 43. Nxb6+ Kc7 44. Nd5+ Kd7 45. Nb6+ Kc7 46.
Nd5+ 1/2-1/2

[Event "7eme open international de La Fere"]
[Site "La Fere (FRA)"]
[Date "2008.07.11"]
[Round "8.53"]
[White "Aernouts, Ludovic"]
[Black "Houze, Victor"]
[Result "1-0"]
[WhiteElo "1692"]
[BlackElo "1380"]
[PlyCount "37"]
[EventDate "2008.??.??"]

1. e4 c5 2. Nf3 d6 3. d4 cxd4 4. Qxd4 Nc6 5. Bb5 Bd7 6. Bxc6 Bxc6 7. c4 e5 8.
Qd3 Nf6 9. Nc3 g6 10. O-O Bg7 11. Bg5 O-O 12. Rad1 Qb6 13. Bxf6 Bxf6 14. Qxd6
Qxb2 15. Nd5 Bg7 16. Rd2 Rfd8 17. Qxd8+ Rxd8 18. Rxb2 b5 19. Ne7+ 1-0

[Event "7eme open international de La Fere"]
[Site "La Fere (FRA)"]
[Date "2008.07.12"]
[Round "9.1"]
[White "Abbasov, Farid"]
[Black "Drenchev, Petar"]
[Result "1-0"]
[WhiteElo "2552"]
[BlackElo "2450"]
[PlyCount "67"]
[EventDate "2008.??.??"]

1. d4 d5 2. c4 c6 3. Nf3 Nf6 4. e3 a6 5. Bd3 b5 6. b3 Bg4 7. O-O Nbd7 8. Bb2 e6
9. Nbd2 Bd6 10. Qc2 Qb8 11. c5 Bc7 12. e4 dxe4 13. Bxe4 Nd5 14. h3 Bh5 15. Bxd5
cxd5 16. b4 O-O 17. Rfe1 a5 18. a3 Bxf3 19. Nxf3 Ra6 20. Qe2 a4 21. Ne5 Rd8 22.
Rad1 Rf8 23. h4 Nf6 24. Nf3 Qb7 25. g3 Re8 26. Qd3 Raa8 27. Re3 Qc6 28. Rde1
Nd7 29. h5 Re7 30. Nh4 e5 31. Nf5 Ree8 32. Qe2 g6 33. hxg6 hxg6 34. Qg4 1-0

[Event "7eme open international de La Fere"]
[Site "La Fere (FRA)"]
[Date "2008.07.12"]
[Round "9.2"]
[White "Marholev, Dimitar"]
[Black "Sumets, Andrey"]
[Result "0-1"]
[WhiteElo "2366"]
[BlackElo "2534"]
[PlyCount "120"]
[EventDate "2008.??.??"]

1. d4 d5 2. c4 c6 3. cxd5 cxd5 4. Nf3 Nf6 5. Nc3 Nc6 6. Bf4 Bf5 7. e3 e6 8. Bd3
Bxd3 9. Qxd3 Be7 10. a3 O-O 11. O-O Nd7 12. Rac1 Nb6 13. Rc2 a6 14. e4 dxe4 15.
Nxe4 Nd5 16. Bg5 Bxg5 17. Nexg5 Nf6 18. Rd1 Qb6 19. Ne4 Nxe4 20. Qxe4 h6 21.
Rcd2 Rad8 22. b4 Rd5 23. h3 Rfd8 24. Qc2 a5 25. bxa5 Rxa5 26. Rd3 Rb5 27. a4
Rb4 28. R3d2 Qa5 29. Ra1 Qd5 30. Rb1 Rc4 31. Qd1 Nxd4 32. Rxd4 Rxd4 33. Qxd4
Qxd4 34. Nxd4 Rxd4 35. Rxb7 Rxa4 36. g3 g5 37. Kg2 Kg7 38. Rb5 Kf6 39. Rb8 h5
40. Rh8 h4 41. g4 Ke5 42. Rf8 Ra7 43. Rg8 Kf4 44. Rb8 Rd7 45. Rb4+ Ke5 46. Rb3
f5 47. Rb5+ Rd5 48. Rb4 fxg4 49. Rxg4 Kf5 50. f4 gxf4 51. Rxh4 Rd2+ 52. Kf3
Rd3+ 53. Ke2 Ra3 54. Rh8 e5 55. h4 Ra2+ 56. Kf1 e4 57. h5 Kg4 58. h6 Kf3 59.
Kg1 Rg2+ 60. Kh1 Rg6 0-1

[Event "7eme open international de La Fere"]
[Site "La Fere (FRA)"]
[Date "2008.07.12"]
[Round "9.4"]
[White "Gharamian, Tigran"]
[Black "Konguvel, Ponnuswamy"]
[Result "1-0"]
[WhiteElo "2560"]
[BlackElo "2415"]
[PlyCount "185"]
[EventDate "2008.??.??"]

1. d4 d5 2. Nf3 e6 3. c4 c5 4. cxd5 exd5 5. g3 Nc6 6. Bg2 Nf6 7. O-O Be7 8. Nc3
O-O 9. Bg5 cxd4 10. Nxd4 h6 11. Be3 Re8 12. Rc1 Bf8 13. Nxc6 bxc6 14. Na4 Bd7
15. Bc5 Bxc5 16. Nxc5 Bg4 17. Re1 Qa5 18. Qc2 Qxa2 19. f3 Be6 20. Ra1 Qc4 21.
Qxc4 dxc4 22. e4 Rab8 23. Re2 c3 24. bxc3 Bc4 25. Rd2 Rb5 26. Na6 Rb3 27. Rc2
Nd7 28. Bf1 Ne5 29. Bxc4 Nxc4 30. Nb4 Rd8 31. Kf2 Na3 32. Rca2 Nb5 33. Nxc6 Rd3
34. c4 Na3 35. c5 Rxf3+ 36. Kg2 Rfc3 37. Na5 Rb5 38. Rxa3 Rb2+ 39. Kh3 Rxc5 40.
R1a2 Rh5+ 41. Kg4 Rbxh2 42. Rxh2 Rxh2 43. Kf3 h5 44. Nc4 h4 45. Ne3 hxg3 46.
Kxg3 Rh5 47. Nd5 f6 48. Rxa7 Rg5+ 49. Kf4 Kf8 50. Ne3 Kg8 51. Nf5 Rg1 52. Ra3
Rb1 53. Ra8+ Kh7 54. Ra7 Rg1 55. Ng3 Kg8 56. Kf3 Rb1 57. Rc7 Ra1 58. Rb7 Ra3+
59. Kf4 Ra1 60. Nf5 Rg1 61. Ke3 Rg4 62. Ne7+ Kf8 63. Nd5 Kg8 64. Kf3 Rg1 65.
Ra7 Kf8 66. Ne3 Kg8 67. Nf5 Kh7 68. Ng3 Kh6 69. Kf2 Rb1 70. Ke3 g6 71. Ne2 Rb3+
72. Kd4 Rb4+ 73. Kd5 Rb5+ 74. Kc4 Re5 75. Kd4 Rb5 76. Nc3 Rb4+ 77. Kd3 Rb6 78.
Nd5 Re6 79. Kd4 Kg5 80. Ra1 Kh6 81. Rh1+ Kg7 82. Rb1 Ra6 83. Ke3 Ra7 84. Rb6
Rf7 85. Ra6 Rf8 86. Nc7 Kh6 87. Ra1 Rb8 88. Ne6 Kh7 89. Rf1 Rb3+ 90. Kd4 Rb4+
91. Kd3 f5 92. e5 Kg8 93. Ra1 1-0

[Event "7eme open international de La Fere"]
[Site "La Fere (FRA)"]
[Date "2008.07.12"]
[Round "9.5"]
[White "Gaponenko, Inna"]
[Black "Gozzoli, Yannick"]
[Result "1/2-1/2"]
[WhiteElo "2468"]
[BlackElo "2502"]
[PlyCount "49"]
[EventDate "2008.??.??"]

1. e4 e5 2. Nf3 Nc6 3. Bb5 f5 4. Nc3 fxe4 5. Nxe4 Nf6 6. Nxf6+ Qxf6 7. Qe2 Be7
8. Bxc6 dxc6 9. Nxe5 Bf5 10. O-O O-O 11. d4 Bd6 12. c3 Rae8 13. f4 c5 14. Be3
cxd4 15. cxd4 Qe6 16. Qf3 c6 17. Rf2 Qd5 18. Qxd5+ cxd5 19. Rc1 Rc8 20. Rff1 a6
21. Rxc8 Rxc8 22. Rc1 Rxc1+ 23. Bxc1 Bxe5 24. dxe5 d4 25. b4 1/2-1/2

[Event "7eme open international de La Fere"]
[Site "La Fere (FRA)"]
[Date "2008.07.12"]
[Round "9.6"]
[White "Pytel, Krzysztof"]
[Black "Meijers, Viesturs"]
[Result "1-0"]
[WhiteElo "2391"]
[BlackElo "2496"]
[PlyCount "69"]
[EventDate "2008.??.??"]

1. Nf3 e6 2. d4 b6 3. g3 Bb7 4. Bg2 f5 5. O-O Nf6 6. c4 Be7 7. b3 O-O 8. Bb2
Qe8 9. Nc3 Ne4 10. d5 Bf6 11. Nd4 Nxc3 12. Bxc3 c6 13. Rc1 Na6 14. e3 Rb8 15.
b4 cxd5 16. cxd5 Nc7 17. Nxf5 Ba6 18. Bxf6 Rxf6 19. Nd6 Qf8 20. Ne4 Bxf1 21.
Nxf6+ Qxf6 22. Rxc7 Bxg2 23. Kxg2 Rf8 24. Rc2 Qf5 25. dxe6 dxe6 26. a3 h5 27.
h4 a5 28. bxa5 bxa5 29. Qe2 Qe4+ 30. Kh2 Rf5 31. Rd2 Rb5 32. Rc2 Rf5 33. Kg1
Qa4 34. Qc4 Qxc4 35. Rxc4 1-0

[Event "7eme open international de La Fere"]
[Site "La Fere (FRA)"]
[Date "2008.07.12"]
[Round "9.7"]
[White "Sundararajan, Kidambi"]
[Black "Marzolo, Cyril"]
[Result "1/2-1/2"]
[WhiteElo "2446"]
[BlackElo "2487"]
[PlyCount "81"]
[EventDate "2008.??.??"]

1. d4 Nf6 2. Nf3 c5 3. c3 e6 4. Bg5 Be7 5. Nbd2 d5 6. e3 Nbd7 7. Bd3 b6 8. Ne5
Nxe5 9. dxe5 Nd7 10. Bxe7 Qxe7 11. f4 Bb7 12. Qe2 O-O-O 13. a4 f5 14. exf6 Qxf6
15. O-O e5 16. e4 exf4 17. exd5 Qe5 18. Qf2 Nf6 19. c4 Nxd5 20. Nf3 Qf6 21.
cxd5 Bxd5 22. a5 Kb8 23. axb6 axb6 24. Rfe1 Rhe8 25. Bb5 Re4 26. Rxe4 Bxe4 27.
Re1 Bb7 28. Ne5 Kc7 29. b4 Rd5 30. Nd3 cxb4 31. Rc1+ Kb8 32. Bc4 Rd4 33. Nxb4
b5 34. Bxb5 Rxb4 35. Qc5 Qd4+ 36. Qxd4 Rxd4 37. Bc6 Bc8 38. Bf3 g6 39. Rb1+ Kc7
40. Rc1+ Kd8 41. Rd1 1/2-1/2

[Event "7eme open international de La Fere"]
[Site "La Fere (FRA)"]
[Date "2008.07.12"]
[Round "9.8"]
[White "Goldsztejn, Gildas"]
[Black "Riff, Jean-Noel"]
[Result "1/2-1/2"]
[WhiteElo "2374"]
[BlackElo "2481"]
[PlyCount "58"]
[EventDate "2008.??.??"]

1. d4 Nf6 2. Nf3 e6 3. c4 Nc6 4. a3 d5 5. Nc3 dxc4 6. Bg5 h6 7. Bh4 Be7 8. e3
Na5 9. Ne5 O-O 10. Nxc4 Nxc4 11. Bxc4 c6 12. O-O Nd5 13. Bxe7 Qxe7 14. Rc1 Nb6
15. Ba2 e5 16. d5 cxd5 17. Nxd5 Nxd5 18. Qxd5 Bf5 19. Qf3 Bg6 20. Bd5 Rad8 21.
e4 Kh7 22. Qe3 b6 23. Rc6 Rd7 24. g4 Rc7 25. Rxc7 Qxc7 26. h4 Qd7 27. f3 f6 28.
h5 Bf7 29. Rd1 Rc8 1/2-1/2

[Event "7eme open international de La Fere"]
[Site "La Fere (FRA)"]
[Date "2008.07.12"]
[Round "9.10"]
[White "Wirig, Anthony"]
[Black "Mulder, Bart-Piet"]
[Result "1-0"]
[WhiteElo "2456"]
[BlackElo "2219"]
[PlyCount "81"]
[EventDate "2008.??.??"]

1. c4 c5 2. g3 Nc6 3. Bg2 g6 4. Nc3 Bg7 5. d3 d6 6. Qd2 e5 7. e3 Nge7 8. a3 O-O
9. b4 cxb4 10. axb4 Nxb4 11. Ba3 Na6 12. Ne4 d5 13. cxd5 Nxd5 14. Ne2 Re8 15.
Nd6 Re6 16. Bxd5 Rxd6 17. Bxd6 Qxd6 18. Bg2 Nc5 19. Rd1 Bf5 20. O-O Rd8 21. d4
exd4 22. Nxd4 Be4 23. Qa5 Bxg2 24. Nb5 Qxd1 25. Rxd1 Rxd1+ 26. Kxg2 Bf6 27. Qc7
Ne6 28. Qxb7 Kg7 29. Qxa7 h5 30. h3 Rd2 31. Qa5 Rd5 32. Qb4 Rd1 33. Nd6 Be5 34.
Ne8+ Kg8 35. Qe7 Rd2 36. Kf1 Bc3 37. Nd6 Rd1+ 38. Kg2 Ng5 39. Qd8+ Kh7 40. Qxg5
Rxd6 41. Qc5 1-0

[Event "7eme open international de La Fere"]
[Site "La Fere (FRA)"]
[Date "2008.07.12"]
[Round "9.11"]
[White "Piankov, Evgenij"]
[Black "Videnova, Iva"]
[Result "0-1"]
[WhiteElo "2337"]
[BlackElo "2211"]
[PlyCount "188"]
[EventDate "2008.??.??"]

1. d4 g6 2. c3 Bg7 3. e4 d6 4. Bg5 h6 5. Bh4 c6 6. Nd2 Qc7 7. Ngf3 Nd7 8. Be2
Ngf6 9. Qc2 a5 10. O-O O-O 11. a4 g5 12. Bg3 Nh5 13. Rfd1 Nxg3 14. hxg3 d5 15.
exd5 cxd5 16. Nf1 e6 17. Bd3 g4 18. Ne1 b6 19. Qe2 Nf6 20. Qe3 Nh7 21. Bb5 Qe7
22. Nd3 Qg5 23. Re1 Ba6 24. Qxg5 Nxg5 25. Bxa6 Rxa6 26. Nf4 Ne4 27. Ne3 Nf6 28.
Kf1 Rb8 29. Nd3 h5 30. Ke2 Bh6 31. Nc2 Kg7 32. Rh1 Bg5 33. Ne5 Rh8 34. f3 Raa8
35. Ne1 gxf3+ 36. gxf3 h4 37. gxh4 Bxh4 38. N1d3 Kf8 39. Rh3 Nh5 40. Rah1 Ke7
41. Rg1 Bf6 42. Ng4 Ng7 43. Rgh1 Rxh3 44. Rxh3 Nf5 45. Rh7 Bg7 46. Ne3 Nxe3 47.
Rxg7 Nc4 48. b3 Nd6 49. Ne5 Rh8 50. Kd3 Kf6 51. Rg1 Nf5 52. c4 dxc4+ 53. bxc4
Rd8 54. Rg4 Rd6 55. Re4 Ng3 56. Rf4+ Nf5 57. Kc3 Rd8 58. Nc6 Rd6 59. Na7 Rd7
60. Nb5 Ke7 61. Rg4 Rd8 62. Rg1 Rc8 63. Kd3 Nd6 64. Na3 Nf5 65. Rb1 Rd8 66.
Rxb6 Nxd4 67. Rb7+ Kf6 68. Ke3 Nf5+ 69. Ke2 Nd4+ 70. Kf2 e5 71. Ra7 Nb3 72.
Ra6+ Kf5 73. Nb5 f6 74. Ke3 Nc5 75. Rc6 Nxa4 76. Nd6+ Kg6 77. Ne4 Rf8 78. Kd3
Kf5 79. Kc2 Kf4 80. Kb3 Kxf3 81. Nd6 e4 82. Kxa4 e3 83. Rb6 f5 84. c5 e2 85.
Rb1 Kf2 86. c6 e1=Q 87. Rxe1 Kxe1 88. Kxa5 f4 89. c7 f3 90. Ne4 Ke2 91. Ng3+
Kf2 92. Ne4+ Ke3 93. Nc3 Kd4 94. Nd1 Kc5 0-1

[Event "7eme open international de La Fere"]
[Site "La Fere (FRA)"]
[Date "2008.07.12"]
[Round "9.13"]
[White "Demanghon, Jonathan"]
[Black "Chetverik, Maxim"]
[Result "1/2-1/2"]
[WhiteElo "2213"]
[BlackElo "2321"]
[PlyCount "61"]
[EventDate "2008.??.??"]

1. d4 f5 2. Nc3 Nf6 3. Bg5 d5 4. Bxf6 exf6 5. e3 Be6 6. Qf3 g6 7. h3 h5 8. Bb5+
c6 9. Bd3 Bf7 10. Nge2 Bd6 11. O-O-O Rg8 12. g4 hxg4 13. hxg4 fxg4 14. Qxg4 f5
15. Qf3 Nd7 16. Rh6 Qe7 17. Nf4 Qg5 18. Rdh1 Bxf4 19. Qxf4 Qxf4 20. exf4 O-O-O
21. Ne2 Nf8 22. c3 Re8 23. Kd2 Rg7 24. Ng1 Ne6 25. R1h4 c5 26. Nf3 cxd4 27.
cxd4 Re7 28. Rh7 Be8 29. Rxg7 Nxg7 30. Rh7 Kd8 31. Ne5 1/2-1/2

[Event "7eme open international de La Fere"]
[Site "La Fere (FRA)"]
[Date "2008.07.12"]
[Round "9.14"]
[White "Nijs, Nils"]
[Black "Van Kampen, Robin"]
[Result "1-0"]
[WhiteElo "2150"]
[BlackElo "2294"]
[PlyCount "65"]
[EventDate "2008.??.??"]

1. d4 d5 2. c4 c6 3. Nf3 Nf6 4. Nbd2 g6 5. e3 Bg7 6. Be2 O-O 7. O-O Bf5 8. Nh4
Be6 9. b4 a5 10. b5 dxc4 11. bxc6 b5 12. a4 c3 13. axb5 cxd2 14. Bxd2 Ne4 15.
Be1 Qd5 16. Qc2 Rc8 17. Rxa5 Rxa5 18. Bxa5 Nd6 19. Qa4 f5 20. Nf3 f4 21. exf4
Qe4 22. Re1 Qxf4 23. c7 Nd7 24. b6 Nc5 25. Qc6 Ncb7 26. Bb4 Bxd4 27. Bxd6 exd6
28. Qxb7 Rf8 29. Qc6 Qf7 30. b7 Bd5 31. Bc4 Bxc4 32. c8=Q Bd5 33. Qxf8+ 1-0

[Event "7eme open international de La Fere"]
[Site "La Fere (FRA)"]
[Date "2008.07.12"]
[Round "9.15"]
[White "Ilan, Liad"]
[Black "Jossien, Remy"]
[Result "0-1"]
[WhiteElo "2013"]
[BlackElo "2291"]
[PlyCount "128"]
[EventDate "2008.??.??"]

1. e4 c5 2. Nf3 Nc6 3. d4 cxd4 4. Nxd4 g6 5. Nc3 Bg7 6. Be3 Nf6 7. Bc4 O-O 8.
Bb3 Qa5 9. f3 a6 10. Qd2 b5 11. O-O-O Nxd4 12. Bxd4 d6 13. Kb1 Kh8 14. h4 Be6
15. h5 Bxb3 16. h6 Bxa2+ 17. Nxa2 Qxd2 18. hxg7+ Kxg7 19. Rxd2 h5 20. Nc3 Rac8
21. Nd5 e5 22. Nxf6 Kxf6 23. Bb6 Ke6 24. Rhd1 Rc6 25. Ba5 Rg8 26. Bb4 Rd8 27.
c3 f5 28. Kc2 f4 29. Rd5 Rd7 30. Kd2 g5 31. Ke2 Rd8 32. Kf2 Rd7 33. Rh1 Rh7 34.
Rh2 Rh6 35. Rd1 Kf7 36. Rdh1 Kg6 37. Ke2 Rh7 38. Rd1 Rd7 39. Rd5 h4 40. Rh1 Kf6
41. Rhd1 Ke6 42. Kf2 Rd8 43. Kg1 Rd7 44. Kh2 Rd8 45. Kh3 Rd7 46. Kg4 Rb6 47.
R1d2 Rc6 48. Kxg5 a5 49. Bxa5 Rc8 50. Kg4 h3 51. Rxd6+ Rxd6 52. Rxd6+ Kxd6 53.
gxh3 Ke6 54. b3 Rg8+ 55. Kh4 Rg3 56. c4 Rxf3 57. cxb5 Rxb3 58. Kg4 Rxb5 59. Be1
Rb2 60. h4 Re2 61. Ba5 Rxe4 62. h5 Re3 63. h6 Kf6 64. Bc7 Kg6 0-1

[Event "7eme open international de La Fere"]
[Site "La Fere (FRA)"]
[Date "2008.07.12"]
[Round "9.16"]
[White "Waquet, Frederic"]
[Black "Lauridsen, Jesper Morch"]
[Result "0-1"]
[WhiteElo "2004"]
[BlackElo "2262"]
[PlyCount "58"]
[EventDate "2008.??.??"]

1. e4 c5 2. b3 e6 3. Bb2 d5 4. Bb5+ Nc6 5. Qe2 Nge7 6. Nf3 Bd7 7. O-O dxe4 8.
Qxe4 Nf5 9. a4 Be7 10. Na3 O-O 11. Nc4 a6 12. Bxc6 Bxc6 13. Qg4 b5 14. axb5
axb5 15. Nfe5 Rxa1 16. Bxa1 Bb7 17. Ne3 Nd4 18. f4 f5 19. Qd1 Bf6 20. c3 Nc6
21. d4 cxd4 22. cxd4 Nb4 23. Qe2 Nd5 24. Nc2 Qd6 25. Bb2 Rc8 26. Rc1 Nxf4 27.
Qf2 Bxe5 28. dxe5 Qc6 29. Ne1 Nh3+ 0-1

[Event "7eme open international de La Fere"]
[Site "La Fere (FRA)"]
[Date "2008.07.12"]
[Round "9.17"]
[White "Jouneau, Quentin"]
[Black "Soyez, Cyril"]
[Result "0-1"]
[WhiteElo "1978"]
[BlackElo "2254"]
[PlyCount "94"]
[EventDate "2008.??.??"]

1. e4 c5 2. Nf3 d6 3. d4 Nf6 4. Nc3 cxd4 5. Nxd4 g6 6. g3 Bg7 7. Bg2 O-O 8. O-O
Bg4 9. Qd3 Qc8 10. Be3 Nbd7 11. Nd5 Nxd5 12. exd5 Ne5 13. Qb3 Nc4 14. Rac1 Bxd4
15. Bxd4 Nd2 16. Qe3 Nxf1 17. Qh6 f6 18. Bxf1 Rf7 19. Qe3 a6 20. c4 Kg7 21. b4
e5 22. Bb6 Bh3 23. Be2 Qd7 24. Qb3 h5 25. c5 dxc5 26. bxc5 h4 27. Rc3 hxg3 28.
Rxg3 Rh8 29. Qc2 Bf5 30. Qc4 Rh3 31. c6 bxc6 32. dxc6 Rxg3+ 33. fxg3 Qd6 34.
Ba5 Be6 35. Qc3 Bxa2 36. c7 Be6 37. c8=Q Bxc8 38. Qxc8 Qd4+ 39. Kf1 Qd5 40. Bb6
Rb7 41. Kg1 Qe4 42. Bd3 Qe1+ 43. Kg2 Qd2+ 44. Kg1 Qd1+ 45. Kg2 Rxb6 46. Qd7+
Kh6 47. Qh3+ Qh5 0-1

[Event "7eme open international de La Fere"]
[Site "La Fere (FRA)"]
[Date "2008.07.12"]
[Round "9.18"]
[White "Ringoir, Guy"]
[Black "Forthofer, Robert"]
[Result "0-1"]
[WhiteElo "1944"]
[BlackElo "2243"]
[PlyCount "34"]
[EventDate "2008.??.??"]

1. e4 Nc6 2. d4 d5 3. e5 Bf5 4. Nf3 e6 5. Nbd2 Qd7 6. c3 f6 7. exf6 gxf6 8. Bb5
Bd6 9. O-O O-O-O 10. Re1 Nge7 11. b4 h5 12. Nb3 Rdg8 13. Nc5 Bxc5 14. bxc5 Be4
15. Be3 e5 16. Kh1 Rxg2 17. Kxg2 Qg4+ 0-1

[Event "7eme open international de La Fere"]
[Site "La Fere (FRA)"]
[Date "2008.07.12"]
[Round "9.19"]
[White "Cappon, John"]
[Black "Molet, Asher"]
[Result "1-0"]
[WhiteElo "2221"]
[BlackElo "1950"]
[PlyCount "97"]
[EventDate "2008.??.??"]

1. e4 c5 2. Nf3 Nc6 3. Bb5 Na5 4. O-O a6 5. Be2 e6 6. Re1 Nf6 7. Bf1 d6 8. c3
Be7 9. d4 O-O 10. Bg5 b5 11. Nbd2 Bb7 12. Bd3 h6 13. Bxf6 Bxf6 14. Qe2 e5 15.
d5 c4 16. Bc2 Bc8 17. h3 Nb7 18. b4 cxb3 19. axb3 Nc5 20. b4 Nd7 21. c4 bxc4
22. Nxc4 Nb6 23. Na5 Bg5 24. Nxg5 Qxg5 25. Qe3 Qxe3 26. Rxe3 Bd7 27. Bd3 Bb5
28. Bxb5 axb5 29. Rc1 Rfc8 30. Rc6 Rxc6 31. dxc6 Rc8 32. Rc3 Kf8 33. Kf1 Ke7
34. Ke2 Kd8 35. Rg3 g6 36. Rf3 Ke7 37. h4 Nc4 38. Nxc4 bxc4 39. b5 Ke6 40. Ra3
d5 41. Ra7 d4 42. c7 Kd7 43. b6 Rf8 44. c8=Q+ Kxc8 45. Ra8+ Kb7 46. Rxf8 Kxb6
47. Rxf7 Kb5 48. Kd2 c3+ 49. Kd3 1-0